[Event "45th Sitges Open 2019"]
[Site "Sitges"]
[Date "2019.07.27"]
[Round "6.6"]
[White "Mateus, Alejandro"]
[Black "Oliva Castaneda, Kevel"]
[Result "1/2-1/2"]
[WhiteElo "2334"]
[BlackElo "2467"]
[Annotator "TA"]
[PlyCount "260"]
[EventDate "2019.07.21"]
[EventType "swiss"]
[EventCountry "ESP"]
[SourceTitle "playchess.com"]
[Source "ChessBase"]
[SourceQuality "1"]

{[%evp 27,260,11,11,11,12,13,16,6,15,14,12,12,17,22,35,39,36,39,88,31,47,28,75,72,109,33,56,62,114,111,112,108,140,138,131,81,109,118,170,12,92,0,120,110,118,120,117,5,5,9,18,0,0,0,0,0,0,0,0,0,0,0,0,0,0,-153,-152,-149,-153,-153,-153,-153,-153,-153,-139,-170,-154,-293,-293,-347,-293,-355,-331,-293,-293,-340,-293,-1043,-1004,-988,-963,-962,-955,-718,0,-921,-891,-845,-126,-126,-126,-126,-126,-126,0,-126,-126,-126,-126,-126,-126,-126,-126,-126,-126,-126,-126,-126,-126,-308,-126,-126,-126,-126,-126,-126,-126,-126,-126,-126,-286,-757,-126,-126,-126,-606,-116,-587,-116,-116,-116,-116,-116,-116,-116,-116,-116,-116,-116,-116,-116,-246,-116,-127,-169,-12226,-9477,-11377,-9388,-10384,-8015,-5999,-6523,-7192,-6407,-3433,-1839,-834,0,0,0,0,0,0,0,0,0,0,0,0,0,0,0,0,-8,-8,-8,-14,0,-14,0,0,0,-29,-29,-29,-29,-37,-44,-65,-65,-66,-66,-66,0,0,0,0,0,0,0,0,0,0,0,0,0,0,0,0,0,0,0,0,0,0,0,0,0,0,0,0,0,0,0]} 1. e4 e6 2. d4 d5 3. Nd2 Nf6 4. e5 Nfd7 5. Bd3 c5 6. c3 Nc6 7. Ne2 cxd4 8. cxd4 f6 9. exf6 Nxf6 10. O-O Bd6 11. Nf3 Qc7 12. Bg5 O-O 13. Bh4 Nh5 14. Qc2 h6 15. Bh7+ {C06: French Tarrasch: 3...Nf6 4 e5 Nfd7 5 Bd3 main lines} Kh8 16. Bg6 Rxf3 (16... Nf4 17. Nxf4 Rxf4 18. Bg3 Rxf3 19. gxf3 Qe7 20. Rad1 Bd7 21. Qc3 Rf8 22. Bb1 Kg8 {1-0 (41) Artemiev,V (2653)-Onischuk,V (2615) Martuni 2016}) 17. Bxh5 Rf8 18. Bg3 Bd7 19. Rac1 {[%cal Ba1c1,Bc1c3,Bc3e3][%mdl 32]} Rac8 (19... Be8 $5 {[%cal Re8h5]} 20. Bg4 Bf7 $11) 20. Qd2 Qb8 21. Bg6 $146 ({Predecessor:} 21. Rfd1 Ne7 22. Bg4 Rxc1 23. Rxc1 {1-0 (34) Meshcheriakova,E (2169)-Ivkina,O (2216) Vladimir 2002}) 21... Rf6 22. Bb1 Be8 23. Rfe1 ({White should play} 23. Qe3 $16) 23... Bf7 24. Rc3 Rg8 25. Re3 $40 {[%mdl 128] White attacks with force.} e5 26. Bh4 (26. dxe5 $16 Bxe5 27. Qd3 (27. Bxe5 Nxe5 28. Qd4 Nc6 $16)) 26... g5 27. dxe5 Bxe5 (27... Bb4 $14 28. Rc3 Bxc3 29. Nxc3 Re6) 28. Bg3 $16 Bxg3 29. hxg3 ({But not} 29. Nxg3 $6 d4 $11) 29... Rf8 30. Nd4 Qd6 31. R3e2 Bg8 32. a3 Qc5 (32... Nxd4 $16 {keeps fighting.} 33. Qxd4 Qb6) 33. Rd1 $2 (33. Ne6 $18 Bxe6 34. Rxe6) 33... a5 (33... Nxd4 $11 {keeps the balance.} 34. Qxd4 Qxd4 35. Rxd4 Re6 36. Rxe6 Bxe6) 34. Qd3 (34. Nf3 $16) 34... Qd6 (34... Qxd4 $11 {remains equal.} 35. Qxd4 Nxd4 36. Rxd4 Re6 37. Rxe6 Bxe6) 35. Rde1 Nxd4 36. Qxd4 Qb6 37. Rd1 ({White should try} 37. Qc3 $16) 37... Qxd4 $11 38. Rxd4 Rc8 39. Ba2 Re6 40. Rxe6 Bxe6 {[%mdl 4096] Endgame KRB-KRB} 41. Kf1 Kg7 42. Ke2 Kf6 43. Ke3 Ke5 44. f4+ Kd6 45. Rd2 Rc1 46. Kd4 $2 (46. Bb3 $1 $11) 46... Re1 $17 47. Rf2 Rd1+ 48. Kc3 Bf5 $1 49. Rd2 Rxd2 50. Kxd2 {KB-KB} Be4 51. fxg5 hxg5 52. Bb3 (52. Kc3 $17) 52... Bxg2 53. Bd1 Ke5 $1 {[%cal Re5d4]} 54. Bg4 Kd4 55. Bc8 b6 56. Bb7 Kc4 57. Bc6 $2 (57. Ba6+ Kb3 58. Kc1) 57... Be4 $19 58. Bb7 Bf5 59. Bc6 Be6 60. Ba4 Bf5 $2 (60... Bf7 $19 61. Bc2 Be6) 61. Bd1 $2 {[%mdl 8192]} (61. Bc6 $11) 61... d4 62. Ba4 Kd5 $2 (62... b5 $19 63. Bd1 Be4) 63. Bb5 $17 Ke5 64. Ba6 Be6 65. Bd3 Bf5 (65... Kd5 $17 66. Kc2 Kc5) 66. Bb5 (66. Ba6 $1 $11 {was the only way to keep the balance.}) 66... Kd5 67. Ba6 Bg6 68. Bb5 Kc5 69. Be2 Bf7 70. Bd3 Bc4 {...Bxd3 is the strong threat.} 71. Be4 Kd6 72. Bg6 Ke5 73. Bc2 $2 {[#]} (73. Kc2 $17 {is a better defense.}) 73... Bd5 (73... d3 $1 $19 {[%cal Rd3c2][%mdl 512]} 74. Bd1 (74. Bxd3 Bxd3) 74... Ke4) 74. Bg6 Be4 75. Be8 Kd5 76. Bb5 Bb1 77. Be8 Kc5 78. Bf7 Be4 79. Bb3 $2 (79. Ba2) 79... Bc6 $2 (79... Bd5 $19 80. Bc2 Be6) 80. Bf7 Bd5 81. Be8 $2 {[%mdl 8192]} (81. Bg6 $17) 81... b5 $2 (81... Kc4 $19 82. Bg6 Kc5) 82. Bh5 $2 {[%mdl 8192] [#]} (82. Kd3 $17 {is tougher.}) 82... Be4 $2 (82... Kc4 $1 $19 {Threatens to win with ...Kb3.} 83. Bd1 d3 84. b3+ Kd4) 83. Be2 Bf5 84. Bf1 b4 85. Be2 Be6 86. Bd3 Bc4 87. Bg6 Bb5 88. Bf7 Bc6 89. Bb3 (89. Kd3 $17 {was forced.}) 89... bxa3 (89... Bf3 $19 {is more deadly.} 90. Bf7 Kb5) 90. bxa3 Bd5 91. Bd1 $2 {[#]} (91. Bc2) 91... Kc4 $1 $19 92. Bc2 Bc6 93. Bd1 Be4 94. Ba4 Bf5 95. Bd1 Bd7 96. Bc2 a4 97. Bd1 Kd5 $2 (97... Be8 $19 {Hoping for ...Bd7.} 98. Bc2 Bc6) 98. Bc2 $11 Bb5 {Strongly threatening ...d3!} 99. Bg6 Bc6 100. Bd3 Kc5 101. Be2 Bd7 102. Bd3 Kd5 103. Bg6 Bb5 104. Bh7 Ke5 105. Bg6 Kd6 106. Bf7 Kc5 107. Bg6 Bc6 108. Bf7 Bd5 109. Be8 Bc6 110. Bf7 Kd6 111. Bg6 Ke5 112. Bd3 Bd7 113. Bg6 Bb5 114. Bh7 Kf6 115. Bc2 d3 ({Better is} 115... Be8 $15) 116. Bxd3 {The position is equal.} Bxd3 117. Kxd3 {KPP-KPP} Kf5 118. Ke3 $1 Kg4 119. Kf2 Kh3 120. Kf3 Kh2 121. Kg4 Kg2 122. Kxg5 {White threatens Kf4 and mate.} Kxg3 {KP-KP} 123. Kh5 Kh3 124. Kg5 Kg3 125. Kh5 Kf3 126. Kh4 Ke3 127. Kg3 Kd3 128. Kf3 Kc3 {( -> ...Kb2)} 129. Ke3 Kb3 130. Kd2 Kxa3 {Accuracy: White = 52%, Black = 53%.} 1/2-1/2

[Event "45th Sitges Open 2019"]
[Site "Sitges"]
[Date "2019.07.27"]
[Round "6.7"]
[White "Vergara Jofre, Felipe"]
[Black "Valderrama Quiceno, Esteban Alb"]
[Result "0-1"]
[WhiteElo "2332"]
[BlackElo "2423"]
[Annotator "TA"]
[PlyCount "80"]
[EventDate "2019.07.21"]
[EventType "swiss"]
[EventCountry "ESP"]
[SourceTitle "playchess.com"]
[Source "ChessBase"]
[SourceQuality "1"]

{[%evp 17,80,14,22,12,33,31,19,16,33,21,31,29,38,-15,-24,-46,-15,-16,-21,-10,-7,0,-18,-52,-35,-79,-72,-118,-59,-53,-58,-56,-50,-127,-139,-138,-151,-150,-147,-262,-264,-256,-274,-257,-265,-266,-265,-255,-241,-227,-166,-325,-291,-453,-429,-552,-544,-512,-449,-1345,-1272,-2166,-2251,-29985,-29986]} 1. e4 g6 2. d4 Bg7 3. Bc4 d6 4. Nf3 Nf6 5. Qe2 O-O 6. e5 dxe5 7. dxe5 Nd5 8. h3 c6 9. O-O Qc7 10. Bb3 {B04: Alekhine's Defence: 4 Nf3} (10. Re1 h6 11. Nbd2 Bf5 12. Nf1 Nd7 13. Ng3 Be6 14. Bb3 Nc5 15. Nd4 Nxb3 16. axb3 Qc8 17. c3 c5 {1-0 (30) Kramnik,V (2788)-Ponomariov,R (2718) Moscow 2008}) 10... Be6 11. c4 Nb6 12. Bf4 {The position is equal.} a5 {Black wants to play ...a4.} 13. Nbd2 Na6 $146 ({Predecessor:} 13... a4 14. Bc2 N8d7 15. Rfe1 Ra5 16. Rad1 Rc5 17. Bd3 Ra5 {1-0 (84) Zapata,A (1900)-Alzate,J (2300) Medellin 1977}) 14. Rac1 Rad8 15. c5 ({White should play} 15. Bc2 $14) 15... Nd5 $11 16. Bh2 Qc8 17. Ng5 Bf5 18. g4 Bh6 19. Ndf3 Bd7 20. Rfd1 Nac7 ({But not} 20... Bxg4 $6 21. hxg4 Qxg4+ 22. Kh1 $14) (20... a4 $5 {[%cal Ra4b3]} 21. Bxd5 cxd5 $15) 21. Qe4 Ne6 $36 {[%mdl 2048] Black has strong initiative.} 22. h4 Nxg5 ({Black should try} 22... Bxg5 $17 23. hxg5 Nec7) 23. hxg5 $15 Bg7 24. Rd4 Be6 25. Rcd1 {[#]} ({Better is} 25. Bg3 $15) 25... Nc7 $1 $17 26. Rxd8 Rxd8 27. Rxd8+ Qxd8 28. Nd4 (28. Qd4 $17 {might work better.} Qxd4 29. Nxd4 Bxg4 30. Bc4) 28... Bxb3 $19 29. axb3 e6 30. Bf4 Na6 31. Be3 Nxc5 32. Qc2 Na6 33. f4 Qd5 34. Kf2 $2 {[#]} (34. Qg2) 34... Nb4 35. Qb1 (35. Qc3 $142) 35... Bf8 36. f5 exf5 37. gxf5 Qxe5 38. f6 (38. Nf3 $142 Qd5 39. fxg6 hxg6 40. Bd4) 38... Bc5 39. Qd1 Nd5 40. Qg4 Qxe3+ {Accuracy: White = 31%, Black = 49%.} 0-1

[Event "45th Sitges Open 2019"]
[Site "Sitges"]
[Date "2019.07.27"]
[Round "6.8"]
[White "Perez Mitjans, Orelvis"]
[Black "Della Morte, Pablo"]
[Result "0-1"]
[WhiteElo "2416"]
[BlackElo "2289"]
[Annotator "TA"]
[PlyCount "52"]
[EventDate "2019.07.21"]
[EventType "swiss"]
[EventCountry "ESP"]
[SourceTitle "playchess.com"]
[Source "ChessBase"]
[SourceQuality "1"]

{[%evp 9,52,16,20,29,26,17,23,8,27,27,42,54,65,3,0,20,24,0,4,0,6,12,5,0,11,0,12,-24,-38,-31,-30,-87,-77,-104,-106,-135,-122,-125,-129,-129,-131,-218,-212,-645,-638]} 1. e4 c5 2. Nf3 d6 3. Bb5+ Nd7 4. c4 Ngf6 5. O-O (5. Nc3 g6 6. O-O Bg7 7. Ba4 O-O 8. h3 Nb6 9. Bb3 e5 10. d3 Ne8 11. Bg5 f6 12. Be3 f5 13. Bg5 Bf6 {0-1 (43) Safarli,E (2664)-Giri,A (2790) Shamkir 2016}) 5... e5 6. d3 {B51: Sicilian: Moscow Variation (3 Bb5+) without 3...Bd7} Be7 7. Ba4 O-O 8. h3 {White has an edge.} h6 9. Nc3 Nb6 10. Bc2 Nh7 11. a4 $146 (11. a3 $14) ({Predecessor:} 11. a3 f5 {1-0 (48) Dragun,K (2594)-Iniyan,P (2451) Biel 2018}) 11... a5 $11 12. Nh2 Bg5 13. f4 Bxf4 14. Bxf4 exf4 15. Rxf4 Qg5 16. Rf3 Nd7 17. Rf5 Qd8 18. d4 Nb6 {[%cal Bd7b6,Bb6c4,Bc4e5][%mdl 32]} 19. Rf2 Nxc4 20. e5 {[#]} (20. Nd5 $11) 20... cxd4 $1 $17 21. Qd3 {[%csl Gc2][%cal Rd3h7]} Ng5 22. Qxd4 Nxe5 23. h4 Ne6 24. Qe4 {[%csl Gc2][%cal Re4h7] [#]} f5 $1 25. Qe3 (25. Qd5 $17 {was worth a try.}) (25. Rxf5 Qb6+) 25... Qxh4 $19 26. Rd1 $2 {[#]} (26. Qd2) 26... Qxh2+ $1 {[%mdl 576] Remove Defender, Decoy. Accuracy: White = 39%, Black = 69%.} 0-1

[Event "45th Sitges Open 2019"]
[Site "Sitges"]
[Date "2019.07.28"]
[Round "7.1"]
[White "Berdayes Ason, Dylan Isidro"]
[Black "Guliyev, Namig"]
[Result "1/2-1/2"]
[WhiteElo "2461"]
[BlackElo "2551"]
[Annotator "TA"]
[PlyCount "43"]
[EventDate "2019.07.21"]
[EventType "swiss"]
[EventCountry "ESP"]
[SourceTitle "playchess.com"]
[Source "ChessBase"]
[SourceQuality "1"]

{[%evp 17,43,14,51,42,44,35,41,27,83,78,83,85,93,77,93,57,51,27,43,22,27,35,26,33,21,34,31,36]} 1. e4 c5 2. Nf3 e6 3. d4 cxd4 4. Nxd4 a6 5. c4 Nf6 6. Nc3 Qc7 7. Be2 b6 8. O-O Bb7 9. Qd3 Bb4 10. Bg5 {B41: Sicilian: Kan Variation: 5 c4} Nc6 11. Nxc6 Bxc6 12. a3 Bxc3 $146 (12... Be7 $11 {keeps the balance.}) ({Predecessor:} 12... Bd6 13. f4 h6 14. Bxf6 gxf6 15. Qd2 e5 16. Rad1 Ke7 17. fxe5 Bxe5 18. h3 Rag8 19. Kh1 Rg3 20. Rf3 Rhg8 21. Rxg3 Rxg3 22. Bf3 Bxc3 23. Qxc3 Qe5 24. Qxe5+ {½-½ (24) Short,N (2652)-Gholami,A (2454) Guilan 2016}) 13. Qxc3 $16 Bxe4 14. Bxf6 gxf6 15. Qxf6 Rg8 16. f3 Qc5+ 17. Kh1 (17. Rf2 $5 {[%cal Rf3e4]} Bg6 18. Rd1 $14) 17... Rg6 18. Qh4 Bc6 19. Bd3 ({And not} 19. Qxh7 Qg5 $17) 19... Qg5 {[%csl Gg6][%cal Rg5g2] [#]} 20. Qf2 f5 21. Rfd1 Kf7 22. Bf1 {Accuracy: White = 81%, Black = 54%.} 1/2-1/2

[Event "45th Sitges Open 2019"]
[Site "Sitges"]
[Date "2019.07.28"]
[Round "7.2"]
[White "Beltran Rueda, Santiago"]
[Black "Volkov, Sergey"]
[Result "0-1"]
[WhiteElo "2326"]
[BlackElo "2548"]
[Annotator "TA"]
[PlyCount "100"]
[EventDate "2019.07.21"]
[EventType "swiss"]
[EventCountry "ESP"]
[SourceTitle "playchess.com"]
[Source "ChessBase"]
[SourceQuality "1"]

{[%evp 12,100,39,-16,-11,-8,-24,-16,-17,-15,2,-17,-29,-39,-34,-32,-35,-29,-35,-27,-6,0,0,0,0,-14,0,-10,-14,-17,-8,-13,0,0,0,0,0,0,0,0,0,0,0,0,0,0,0,-1,-8,-10,-1,-1,-8,-14,0,-115,-115,-115,-54,-115,-66,-81,0,-256,-256,-256,-255,-241,0,0,0,0,0,-1894,-1208,-29950,-29951,-29948,-6099,-29957,-29958,-29957,-29960,-29960,-29961,-29957,-29956,-29970,-6107,-5551,-5197]} 1. c4 e5 2. g3 Nf6 3. Bg2 c6 4. Nf3 e4 5. Nd4 d5 6. cxd5 Qxd5 7. Nb3 (7. e3 $1 $14) 7... Qh5 $11 {A20: English Opening: 1...e5} (7... Qe5 8. Nc3 Be7 9. d4 exd3 10. Qxd3 O-O 11. O-O Rd8 12. Qe3 Qxe3 13. Bxe3 Ng4 14. Bc5 Kf8 15. Rfd1 {0-1 (55) Popov,V (2532)-Anand,V (2773) St Petersburg 2018}) 8. h3 a5 {[%cal Ba7a5,Ba5a4][%mdl 32]} 9. Nc3 $146 ({Predecessor:} 9. d4 a4 10. g4 Qh4 11. Nc5 Bxc5 12. dxc5 O-O 13. Nc3 Nbd7 14. Nxa4 Re8 15. Be3 {½-½ (44) Chatalbashev,B (2545)-Kett,T (2209) Cardiff 2016}) 9... a4 {The position is equal.} 10. Nd4 $1 Bc5 11. e3 (11. Nc2 {is interesting.} Qg6 12. d4 exd3 13. Qxd3 Qxd3 14. exd3 O-O 15. Be3) 11... Qxd1+ 12. Kxd1 Bxd4 13. exd4 O-O 14. Nxe4 Nxe4 15. Bxe4 Be6 16. d3 Rd8 17. Be3 Na6 18. a3 f5 19. Bf3 Nc7 20. Kd2 Nb5 21. Rae1 Kf7 22. Bh5+ g6 23. Bd1 Nxd4 24. h4 h5 25. Bxd4 Rxd4 26. f4 Rad8 27. Re3 c5 28. Rhe1 R8d6 29. Kc3 b5 30. Bc2 Kf6 31. Kd2 Bd5 32. Kc3 Bc6 33. Ra1 (33. b4 $1 $11 {keeps the balance.} cxb4+ 34. axb4) 33... b4+ $17 34. axb4 cxb4+ 35. Kd2 Bb5 36. Rc1 Rc4 (36... Rd8 $17) 37. Bb1 $2 {[%mdl 8192]} (37. Re5 $11 Bd7 38. Ra5) 37... Rxc1 $19 38. Kxc1 {[%mdl 4096] Endgame KRB-KRB} Re6 $1 {[%cal Re6e3]} 39. Kd2 Rxe3 $2 ({Better is} 39... Be8 $1 $19 {aiming for ...Bf7.} 40. Rxe6+ Kxe6 41. Ba2+ Ke7) 40. Kxe3 {KB-KB} Bd7 {...Be6 is the strong threat.} 41. Kd4 Be6 {Strongly threatening ...a3.} 42. Kc5 $2 {[%mdl 8192]} (42. Bc2 $11 a3 43. bxa3 bxa3 44. Kc3) 42... a3 43. Kxb4 a2 44. Bxa2 Bxa2 {KB-KP} 45. b3 Ke6 46. Kc3 {[#]} Bb1 $1 47. Kd4 Kd6 48. Kc4 Bc2 49. b4 Bd1 (49... Ba4 $142 50. b5 {[#]} Bxb5+ $1 {[%mdl 512]} 51. Kb4 Ba6 52. Kc3 Kd5 53. Kb4 Bxd3 54. Kc3 Ke4 55. Kd2 Kf3 56. g4 fxg4 57. Kxd3 g3 58. Kc3 Kxf4 59. Kb4 g2 60. Ka5 g1=Q 61. Kb5 Qd4 62. Kc6 Ke5 63. Kc7 Ke6 64. Kb8 Kd6 65. Kb7 Qb4+ 66. Ka8 Kc7 67. Ka7 Qb7#) 50. Kd4 Bf3 {Accuracy: White = 59%, Black = 68%.} 0-1

[Event "45th Sitges Open 2019"]
[Site "Sitges"]
[Date "2019.07.28"]
[Round "7.3"]
[White "Baklan, Vladimir"]
[Black "Lacasa Diaz, Jose Antonio"]
[Result "1/2-1/2"]
[WhiteElo "2621"]
[BlackElo "2391"]
[Annotator "TA"]
[PlyCount "99"]
[EventDate "2019.07.21"]
[EventType "swiss"]
[EventCountry "ESP"]
[SourceTitle "playchess.com"]
[Source "ChessBase"]
[SourceQuality "1"]

{[%evp 9,99,2,19,24,29,25,21,25,32,-10,0,-18,-27,-25,-25,-45,-8,-11,-3,-15,-14,-44,-43,-35,-44,-46,-22,-37,-28,-11,-12,-15,-33,-37,-31,-60,-7,-4,0,14,2,0,3,4,12,0,20,22,40,38,47,25,47,41,75,28,29,4,18,20,28,25,9,-22,22,0,0,0,29,22,43,58,68,23,64,0,0,0,0,0,0,0,0,0,0,0,0,0,0,0,0,0]} 1. e4 c5 2. Nf3 e6 3. g3 Nc6 4. Bg2 Nf6 5. Qe2 d5 6. exd5 {B40: Sicilian: 2...e6, Unusual lines} Nxd5 7. O-O Be7 8. Rd1 Bf6 9. c4 $146 ({Predecessor:} 9. Nc3 O-O 10. Ne4 Be7 11. d4 cxd4 12. Nxd4 Nxd4 13. Rxd4 {0-1 (39) Ni,H (2661)-Iturrizaga Bonelli,E (2642) Benasque 2013}) 9... Nde7 10. Nc3 Nf5 11. d3 O-O 12. Qf1 Ncd4 13. Nxd4 Nxd4 14. Rb1 Rb8 15. h3 b6 16. Bf4 Rb7 17. a3 Rd7 18. b4 cxb4 19. axb4 Bb7 20. Bxb7 Rxb7 21. Qg2 Rd7 22. c5 {With the idea c6.} bxc5 (22... Qc8 $15) 23. bxc5 $11 e5 24. Be3 Rc7 25. Bxd4 exd4 26. Ne4 $36 {[%mdl 2048] Black is under pressure.} Be7 27. Rdc1 Qd7 ({But not} 27... f5 $6 28. Nd6 $16) 28. Rc4 Rfc8 29. g4 h6 {[%cal Re7c5]} ({Wrong is} 29... Bxc5 $2 30. Rxc5 Rxc5 31. Nxc5 $18) 30. Rbc1 Rc6 31. Qf3 g6 32. Qg3 Qd5 33. h4 Kh7 34. g5 hxg5 35. hxg5 Kg7 36. Kg2 Rh8 (36... Rxc5 $5 37. Rxc5 Rxc5 38. Rxc5 Bxc5 $11) 37. f4 f5 {[%mdl 64] [#] Pin} 38. gxf6+ $1 Bxf6 39. Qf3 Rh5 40. Ra1 a6 41. Rb1 Rc8 {[%cal Bc6c8,Bc8h8,Bh8h3][%mdl 32]} 42. Rb6 ({Better is} 42. Rcb4 $14 Bd8 43. Rb7+ Rc7 44. Ng5 Rxg5+ 45. fxg5 Qxg5+ 46. Kf2) 42... Rch8 {[#] Threatens to win with ...Rh2+.The position is equal.} 43. Rxf6 Rh2+ 44. Kg1 R8h3 $1 {[%cal Rh3f3]} 45. Rxg6+ Kxg6 46. Qg4+ Kf7 47. Nd6+ Kf6 {[%csl Gh2,Gh3][%cal Rd5h1]} 48. Ne4+ Kf7 {( -> ...Rh1+)} 49. Nd6+ Kf6 {[%csl Gh2,Gh3][%cal Rd5h1]} 50. Ne4+ {Accuracy: White = 60%, Black = 56%.} 1/2-1/2

[Event "45th Sitges Open 2019"]
[Site "Sitges"]
[Date "2019.07.28"]
[Round "7.4"]
[White "Herrera, Juan Sebastian"]
[Black "Munoz, Miguel"]
[Result "0-1"]
[WhiteElo "2353"]
[BlackElo "2511"]
[Annotator "TA"]
[PlyCount "96"]
[EventDate "2019.07.21"]
[EventType "swiss"]
[EventCountry "ESP"]
[SourceTitle "playchess.com"]
[Source "ChessBase"]
[SourceQuality "1"]

{[%evp 17,96,33,69,70,66,73,70,70,55,56,67,58,84,76,107,71,87,87,92,87,92,83,104,104,133,126,127,133,107,0,0,0,0,0,0,0,0,0,0,0,0,0,0,0,0,-143,-141,-184,-72,-235,-216,-329,-329,-325,-325,-598,-209,-843,-843,-768,-635,-902,-808,-901,-793,-714,-693,-12836,-6777,-29970,-29972,-29969,-29969,-29976,-29977,-29979,-29980,-29982,-29983,-29982,-29983]} 1. d4 Nf6 2. c4 c5 3. d5 g6 4. Nc3 Bg7 5. e4 d6 6. h3 O-O 7. Nf3 e6 8. Bd3 exd5 9. exd5 Qe7+ 10. Be3 {E90: King's Indian: Classical: Early deviations and 6 h3} Bh6 11. Qe2 Bxe3 12. Qxe3 {White is slightly better.} Qxe3+ 13. fxe3 Nbd7 14. Kd2 Ne8 $146 ({Predecessor:} 14... b6 15. Rhf1 Ne8 16. Rf2 f5 17. e4 f4 {½-½ (65) Gonzalez Garcia,J (2497)-Munoz Pantoja,M (2471) Sabadell 2018}) 15. g4 f6 16. Rhf1 Ne5 17. Nxe5 fxe5 18. Ne4 Bd7 19. Be2 Kg7 20. h4 h6 21. g5 hxg5 22. Rxf8 ({Don't play} 22. Nxg5 $6 Rxf1 23. Rxf1 Nf6 $11) 22... Kxf8 23. Nxg5 ({White should try} 23. hxg5 $16 Kg7 24. Bd3) 23... Nf6 $11 24. Bd3 Kg7 25. Rg1 Rh8 26. Ne6+ Bxe6 27. Rxg6+ ({Of course not} 27. dxe6 e4 $17) 27... Kf7 28. dxe6+ Kxe6 {[%mdl 4096] Endgame KRB-KRN} 29. Rg7 $1 Rxh4 30. Rxb7 Rh2+ 31. Kc3 (31. Kc1 $11) 31... e4 $17 32. Bb1 {[#]} a5 (32... Re2 $1 $19 {has better winning chances.} 33. b4 cxb4+ 34. Rxb4 Rxe3+ 35. Kd4 Re1) 33. Ra7 $2 {[#]} (33. Rg7 $17) 33... Re2 $1 $19 34. Rxa5 (34. Rg7 $142) 34... Rxe3+ 35. Kd2 Rh3 36. b4 $2 (36. Bc2 {might work better.} e3+ 37. Kd1) 36... Rh2+ $2 (36... e3+ 37. Kd3 Ng4) 37. Ke3 $2 (37. Kc3 Rh1 38. Bc2) 37... Ke5 {[%cal Rf6g4]} 38. Bxe4 Nxe4 {KRN-KR} 39. b5 Rh3+ 40. Ke2 Nc3+ 41. Kf1 Kd4 42. a4 Kxc4 43. b6 Rh1+ {Black mates.} 44. Kf2 Rb1 45. Ra6 d5 46. a5 d4 47. Ra8 d3 48. Rd8 {[#]} d2 $1 {Accuracy: White = 39%, Black = 56%.} 0-1

[Event "45th Sitges Open 2019"]
[Site "Sitges"]
[Date "2019.07.28"]
[Round "7.5"]
[White "Sreeshwan, Maralakshikari"]
[Black "Harikrishnan.A.Ra"]
[Result "0-1"]
[WhiteElo "2461"]
[BlackElo "2401"]
[Annotator "TA"]
[PlyCount "76"]
[EventDate "2019.07.21"]
[EventType "swiss"]
[EventCountry "ESP"]
[SourceTitle "playchess.com"]
[Source "ChessBase"]
[SourceQuality "1"]

{[%evp 13,118,51,50,43,49,56,50,37,52,12,21,25,49,0,0,10,22,0,29,27,74,57,100,60,54,-18,-35,-23,-31,-25,-17,-25,-30,-31,-14,0,37,-73,-69,-68,-66,-69,-70,-57,-61,-95,-101,-98,-83,-94,-84,-89,-20,-82,-56,-93,-75,-71,-73,-92,-78,-95,-85,-160,-146,-144,-78,-332,-326,-281,-288,-293,-290,-301,-307,-302,-285,-280,-277,-341,-311,-298,-284,-322,-322,-740,-743,-494,-466,-450,-455,-887,-440,-1298,-1270,-1233,-1042,-29991,-29992,-29994,-29995,-29995,-29996,-29996,-29997,-29997,-29998]} 1. d4 Nf6 2. c4 g6 3. Nc3 Bg7 4. Nf3 d6 5. e4 O-O 6. h3 e5 7. d5 Nh5 8. g3 {E90: King's Indian: Classical: Early deviations and 6 h3} f5 (8... Na6 9. Nh2 Nc5 10. Be3 a5 11. Be2 Nf6 12. Bf3 Ne8 13. g4 f5 14. gxf5 gxf5 15. exf5 Bxf5 16. Bxc5 dxc5 {½-½ (79) Postny,E (2623)-Guseinov,G (2664) chess.com INT 2019}) 9. exf5 gxf5 10. Nh4 {White is slightly better.} Nf6 11. Bd3 e4 12. Be2 Na6 $146 ({Predecessor:} 12... a5 13. Ng2 Na6 14. Be3 Nc5 15. Nf4 Nfd7 {0-1 (32) Olhovik,A (2308)-Kovalev,V (2546) Minsk 2015}) 13. Be3 Nd7 14. Ng2 Nac5 15. Nf4 Ne5 (15... Bxc3+ $5 16. bxc3 b6 $11) 16. Qc2 a5 17. O-O-O Bd7 18. g4 Bh6 19. g5 (19. Kb1 $14) 19... Bxg5 $11 20. Rhg1 Kh8 21. Ng6+ hxg6 22. Bxg5 Qe8 23. Be3 Ncd3+ 24. Bxd3 exd3 25. Rxd3 (25. Qd2 $1 $14 {stays ahead.}) 25... f4 $1 $36 {[%mdl 2048] Black is pushing.} (25... Nxc4 26. Bd4+ Kh7 27. f4 $18) 26. Bd4 Bf5 {[%mdl 64] Pin} 27. Qe2 Bxd3 28. Qxd3 Rf5 29. f3 Kh7 30. Qe2 c5 31. Bf2 Nd7 {...Qxe2 is the strong threat.} 32. Qc2 Nf6 (32... Qe7 $17 33. h4 Ne5) 33. Qb3 (33. Kb1 $11) 33... Qd7 34. Bh4 a4 35. Qc2 a3 36. Bxf6 Rxf6 37. Ne4 Rf5 $1 38. Ng5+ {[#]} (38. Kb1 $142) 38... Kh6 {Played: Rf5xg5} 0-1

[Event "45th Sitges Open 2019"]
[Site "Sitges"]
[Date "2019.07.28"]
[Round "7.6"]
[White "Valderrama Quiceno, Esteban Alb"]
[Black "Gaprindashvili, Valeriane"]
[Result "1/2-1/2"]
[WhiteElo "2423"]
[BlackElo "2368"]
[Annotator "TA"]
[PlyCount "46"]
[EventDate "2019.07.21"]
[EventType "swiss"]
[EventCountry "ESP"]
[SourceTitle "playchess.com"]
[Source "ChessBase"]
[SourceQuality "1"]

{[%evp 9,46,33,108,30,30,30,30,30,30,30,35,34,31,29,35,35,33,28,61,60,62,66,59,64,55,43,40,27,37,26,32,31,37,39,41,28,38,26,20]} 1. Nf3 Nf6 2. g3 b5 3. Na3 {[%cal Bb1a3,Ba3c4,Bc4e5][%mdl 32]} b4 4. Nc4 d5 5. Nce5 Nfd7 {[#]} ({Better is} 5... Ne4 $14) 6. d4 {A05: Réti Opening: 1 Nf3 Nf6} (6. Nxf7 $1 $16 Kxf7 7. Ng5+ Kg8 8. Ne6) 6... e6 $11 7. Bg2 Be7 $146 ({Predecessor:} 7... c5 8. e4 Bb7 9. Nxf7 Kxf7 10. Ng5+ Ke8 11. Nxe6 {1-0 (20) Maletin,P (2587)-Popov,I (2648) St Petersburg 2015}) 8. O-O O-O 9. a3 bxa3 10. b3 c5 11. Bxa3 Qc7 12. Nd3 Bb7 13. Qd2 Re8 14. Nxc5 Nxc5 15. Bxc5 Bxc5 16. dxc5 Qxc5 17. Ne5 Qc7 18. Nd3 Nd7 19. Rfc1 Rec8 20. c4 dxc4 21. Rxc4 Qb8 $1 22. Rxc8+ Qxc8 23. Bxb7 Qxb7 {Accuracy: White = 60%, Black = 76%.} 1/2-1/2